| 000 | 00885nam a2200265 a 4500 | ||
|---|---|---|---|
| 001 | 79800 | ||
| 003 | BD-RjUL | ||
| 005 | 20220516114050.0 | ||
| 008 | 220516s1966 |||||||| |||| 00| 0 eng d | ||
| 035 | _a(BD-RjUL)79800 | ||
| 040 |
_aBD-RjUL _beng _cBD-RjUL |
||
| 041 | _aeng | ||
| 082 |
_223 _a822.914 _bMOM 1966 |
||
| 100 |
_aMarlowe, Christopher _93011 |
||
| 245 |
_aMarlowe's Faustus and Goethe's Faust Part I / _cChristopher Marlowe ; transl. by John Anster. |
||
| 246 | _aFaust . Marlowe's Dr. Faustus and Goethe's Faust Tragical history of Doctor Faustus | ||
| 260 |
_aLondon : _bOxford Univ. Press, _c[1966] |
||
| 300 |
_aXXXII, 258 P.; _c15 cm. |
||
| 490 |
_aWorld's classics : _v135 |
||
| 600 |
_aFaust (Goethe, Johann Wolfgang von) _93012 |
||
| 650 | _aEnglish drama | ||
| 700 |
_aAnster, John _93013 |
||
| 830 |
_aWorld's classics : _v135 _92868 |
||
| 942 |
_2ddc _cBK |
||
| 999 |
_c79800 _d79800 |
||